Statistics for Countries with embassies and consulates in Malta

Click here to take the quiz!

General Stats

  • This quiz has been taken 58 times
  • The average score is 18 of 22

Answer Stats

Continent Country % Correct
North AmericaUnited States of America
100%
OceaniaAustralia
98%
Asia/ EuropeRussia
98%
EuropeUnited Kingdom
98%
EuropeItaly
98%
EuropeSpain
98%
EuropeFrance
96%
Asia/ EuropeTurkey
96%
EuropeGermany
94%
AfricaEgypt
92%
EuropePortugal
92%
AfricaTunisia
90%
AsiaChina
88%
Europethe Netherlands
88%
AsiaIndia
86%
AfricaLibya
84%
EuropeGreece
82%
EuropeAustria
78%
EuropeIreland
78%
EuropeVatican City
70%
AsiaKuwait
34%
AsiaPalestine
8%

Score Distribution

Percentile by Number Answered

Percent of People with Each Score

Your Score History

You have not taken this quiz